MARC details
| 000 -LEADER |
| fixed length control field |
01155cam a2200313Ia 4500 |
| 001 - CONTROL NUMBER |
| control field |
sjds46638914 |
| 003 - CONTROL NUMBER IDENTIFIER |
| control field |
sjds |
| 005 - DATE AND TIME OF LATEST TRANSACTION |
| control field |
20221222110748.0 |
| 008 - FIXED-LENGTH DATA ELEMENTS--GENERAL INFORMATION |
| fixed length control field |
010330s1998 sp a j 000 0 spa d |
| 020 ## - INTERNATIONAL STANDARD BOOK NUMBER |
| International Standard Book Number |
8434846551 |
| 020 ## - INTERNATIONAL STANDARD BOOK NUMBER |
| International Standard Book Number |
9788434846555 |
| 040 ## - CATALOGING SOURCE |
| Original cataloging agency |
LPU |
| Transcribing agency |
LPU |
| Modifying agency |
OCL |
| -- |
TXA |
| -- |
CSP |
| 041 1# - LANGUAGE CODE |
| Language code of text/sound track or separate title |
spa |
| Language code of original |
fre |
| 100 1# - MAIN ENTRY--PERSONAL NAME |
| Personal name |
Perols, Sylvaine. |
| 245 10 - TITLE STATEMENT |
| Title |
Atlas de las plantas / |
| Statement of responsibility, etc. |
ilustrado por Sylvaine Perols ; realizado por Gallimard Jeunesse, Claude Delafosse y Sylvaine Perols ; traduccion, Paz Barroso. |
| 260 ## - PUBLICATION, DISTRIBUTION, ETC. (IMPRINT) |
| Place of publication, distribution, etc. |
Madrid : |
| Name of publisher, distributor, etc. |
Ediciones SM, |
| Date of publication, distribution, etc. |
1998. |
| 300 ## - PHYSICAL DESCRIPTION |
| Extent |
1 v. (unpaged) : |
| Other physical details |
col. ill. ; |
| Dimensions |
19 cm. |
| 490 1# - SERIES STATEMENT |
| Series statement |
Mundo maravilloso ; |
| Volume/sequential designation |
36. |
| 500 ## - GENERAL NOTE |
| General note |
Translation of: Atlas des plantes. |
| 520 ## - SUMMARY, ETC. |
| Summary, etc. |
Laminated pages with transparent overlays introduce over fifty different plants from around the world and give details about their growth, life cycles, and value to animals and humans. |
| 650 #1 - SUBJECT ADDED ENTRY--TOPICAL TERM |
| Topical term or geographic name as entry element |
Plants. |
| 650 #1 - SUBJECT ADDED ENTRY--TOPICAL TERM |
| Topical term or geographic name as entry element |
Botany. |
| 650 #0 - SUBJECT ADDED ENTRY--TOPICAL TERM |
| Topical term or geographic name as entry element |
Toy and movable books. |
| 700 1# - ADDED ENTRY--PERSONAL NAME |
| Personal name |
Delafosse, Claude. |
| 700 1# - ADDED ENTRY--PERSONAL NAME |
| Personal name |
Barroso, Paz |
| 710 2# - ADDED ENTRY--CORPORATE NAME |
| Corporate name or jurisdiction name as entry element |
Gallimard Jeunesse (Publisher) |
| 830 #0 - SERIES ADDED ENTRY--UNIFORM TITLE |
| Uniform title |
Mundo maravilloso ; |
| Volume number/sequential designation |
36. |
| 942 ## - ADDED ENTRY ELEMENTS (KOHA) |
| Koha item type |
Libro/Book |